[Event "2022 WA Closed Championship"]
[Site "Leeming, Perth WA"]
[Date "2022.07.03"]
[Round "7"]
[White "Kurniawan, Stephanus"]
[Black "Fu, Yihe (Rebo)"]
[Result "1-0"]
[WhiteElo "2441"]
[BlackElo "2292"]
[EventDate "2022.05.15"]

1.e4 c5 2.Nf3 e6 3.d3 d5 4.Nbd2 Nf6 5.g3 Nc6 6.Bg2 Bd6 7.Qe2 dxe4 8.dxe4 
Bc7 9.Nb3 b6 10.e5 Nd5 11.Bg5 Nde7 12.Nfd4 Nxd4 13.Nxd4 Qxd4 14.Bxa8 Qxe5 
15.Qxe5 Bxe5 16.O-O-O f6 17.Bd2 Nf5 18.Be4 Ne7 19.f4 Bc7 20.Bc3 Kf7 21.
Rhe1 h5 22.h4 g6 23.Kb1 Nf5 24.Rd3 c4 25.Rf3 Rd8 26.a4 a6 27.b3 b5 28.axb5
axb5 29.Kb2 Ne7 30.Ra1 f5 31.Ba8 Bb6 32.Ba5 Bxa5 33.Rxa5 Bd7 34.Rf2 Rc8 
35.c3 Rc7 36.b4 Ng8 37.Rd2 Nf6 38.Rd4 Ng4 39.Bf3 Nf2 40.Ra8 Nd3+ 41.Kb1 
Be8 42.Rdd8 Re7 43.Rab8 Ne1 44.Bh1 Nd3 45.Rb7 Rxb7 46.Bxb7 e5 47.fxe5 Nxe5
48.Kc2 Nd3 49.Kd2 Ke7 50.Rd4 Bd7 51.Bf3 Be6 52.Ke3 Bd7 53.Be2 Nb2 54.Rd2 
Na4 55.Kd4 Kd6 56.Bd1 Nb6 57.Ra2 Bc6 58.Ra6 Nd7 59.Bf3 Nb8 60.Rb6 Kc7 61.
Rxb8 Bxf3 62.Rxb5 Be2 63.Ke5 Bd3 64.Kf4 Kc6 65.Re5 Kd6 66.Ra5 1-0